Prueba de Valencia - Estadísticas

Estadísticas generales
  • Esta prueba ha sido intentada 121 veces
  • La puntuación promedio es 10 de 16
Estadísticas de respuestas
Pregunta Respuesta % Correcto
El Oceanogràfic es el ______ más grande de Europa Acuario
88%
El evento más destacado de Buñol La Tomatina
87%
El nombre del sartén usado para el plato homónimo Paella
83%
Fiestas que culminan con la solemnidad de San José Fallas de Valencia
78%
Pintor impresionista Joaquín Sorolla
73%
Patrona Virgen de los {Desamparados}
72%
Figura legendaria que luchó para liberar Valencia al fin del siglo XI El Cid
70%
Este complejo es uno de los 12 Tesoros de España Ciudad de las Artes y las Ciencias
67%
Año en que Valencia CF ganó la Liga Europa de la UEFA 2004
66%
El rey que reconquistó la ciudad en 1238 Jaime I
64%
Civilización que fundó Valencia Romanos
62%
Torres góticas que componen parte de la muralla medieval Torres de Serranos
53%
Ciudad cercana y segunda más poblada de la provincia Torrente
52%
Edificio en ese complejo que tiene un cine digital 3D y IMAX L'Hemisfèric(El hemisférico)
41%
Nombre artístico del cantante Luis Manuel Ferri Llopis Nino Bravo
40%
El exclave de la provincia y también comunidad Rincón de Ademuz
35%
No se encontraron pruebas coincidentes
Distribución de puntuación
Porcentaje de gente con cada puntuación
Porcentaje por número respondido
Historial de tus puntuaciones
No has intentado esta prueba.